| 000 | 01895cam a2200409 i 4500 | ||
|---|---|---|---|
| 001 | 18469337 | ||
| 005 | 20221031101534.0 | ||
| 008 | 150129s2015 enk b 001 0 mul | ||
| 010 | _a 2015004073 | ||
| 020 | _a9781405167000 (hardback) | ||
| 020 | _a9781405167017 (paper) | ||
| 040 |
_aDLC _beng _cDLC _erda _dDLC |
||
| 042 | _apcc | ||
| 043 | _aa-ja--- | ||
| 050 | 0 | 0 |
_aBQ678 _b.D43 2015 |
| 082 | 0 | 0 |
_a294.30952 _bDEA |
| 084 |
_aREL007000 _2bisacsh |
||
| 100 | 1 |
_aDeal, William E., _eauthor. _9101794 |
|
| 245 | 1 | 2 |
_aA cultural history of Japanese Buddhism / _cWilliam E. Deal and Brian Ruppert. |
| 264 | 1 |
_aChichester, West Sussex, Uk ; _aMalden, MA USA : _bWiley, Blackwell, _c2015. |
|
| 300 |
_aix, 303 pages ; _c23 cm. |
||
| 336 |
_atext _2rdacontent |
||
| 337 |
_aunmediated _2rdamedia |
||
| 338 |
_avolume _2rdacarrier |
||
| 490 | 0 |
_aWiley-blackwell guides to Buddhism ; _v1 |
|
| 504 | _aIncludes bibliographical references and index. | ||
| 520 |
_a"Offers a vivid, nuanced, and chronological account of Buddhistreligion in Japan -- from its emergence in the sixth centuryright through to the present day"-- _cProvided by publisher. |
||
| 650 | 0 |
_aBuddhism _zJapan _xHistory. _9101795 |
|
| 650 | 0 |
_aBuddhism and culture _zJapan _xHistory. _9101796 |
|
| 650 | 7 |
_aRELIGION / Buddhism / General (see also PHILOSOPHY / Buddhist). _2bisacsh _9101797 |
|
| 700 | 1 |
_aRuppert, Brian Douglas, _d1962- _9101798 |
|
| 776 | 0 | 8 |
_iOnline version: _aDeal, William E. _tCultural history of Japanese Buddhism _dMalden, MA : Wiley-Blackwell, [2015] _z9781118608319 _w(DLC) 2015008367 |
| 856 | 4 | 2 |
_3Cover image _uhttp://catalogimages.wiley.com/images/db/jimages/9781405167000.jpg |
| 906 |
_a7 _bcbc _corignew _d1 _eecip _f20 _gy-gencatlg |
||
| 942 |
_2ddc _cBK |
||
| 999 |
_c592114 _d592114 |
||